| 000 | 00659nam a2200193Ia 4500 | ||
|---|---|---|---|
| 020 | _a0080316212(hb) | ||
| 082 |
_a355.33041 _bLEA _cL-30, P-74 |
||
| 100 |
_aJames G. Hunt _948712 |
||
| 245 | _aLeadership on the future battlefield | ||
| 260 |
_aLahore: _bWajidalis, _c1988 |
||
| 300 | _a349p. : ill | ||
| 526 |
_a0 _b0 _c0 _d355_330410000000000_LEA |
||
| 526 |
_a0 _b0 _c0 _d355_330410000000000_LEA |
||
| 650 |
_aLeadership -- Addresses- Essays- Lectures Etc. _948713 |
||
| 650 |
_aMCE _9379 |
||
| 650 |
_aUnited States -- Armed Forces -- Personnel Management -- Addresses- Essays- Lectures Etc. _948714 |
||
| 700 |
_aHunt, James G. _948715 |
||
| 942 |
_2ddc _cBK |
||
| 999 |
_c551567 _d551567 |
||